[Rezension von: Corina Caduff, Die Literarisierung von Musik und bildender Kunst um 1800]
Saved in:
| Published in: | Kunstform 5(2004), 2 |
|---|---|
| Main Author: | |
| Document Type: | Online Resource Article |
| Language: | German |
| Published: |
2004
|
| Subjects: | |
| Online Access: | kostenfrei |
| Related Items: | Enthalten in:
Kunstform Rezension von: Die Literarisierung von Musik und bildender Kunst um 1800 Rezension von: Die Literarisierung von Musik und bildender Kunst um 1800 |
| Author Notes: | rezensiert von Julia Benthien |
| LEADER | 01944caa a2200361 c 4500 | ||
|---|---|---|---|
| 001 | 1919826769 | ||
| 003 | DE-627 | ||
| 005 | 20260419053405.0 | ||
| 007 | cr uuu---uuuuu | ||
| 008 | 250314s2004 xx |||||oo 00| ||ger c | ||
| 035 | |a (DE-627)1919826769 | ||
| 035 | |a (DE-599)KXP1919826769 | ||
| 035 | |a (OCoLC)1533748216 | ||
| 040 | |a DE-627 |b ger |c DE-627 |e rda | ||
| 041 | |a ger | ||
| 084 | |a KUNST |q DE-16 |2 fid | ||
| 100 | 1 | |a Benthien, Julia |e VerfasserIn |0 (DE-588)131788744 |0 (DE-627)707734541 |0 (DE-576)298744945 |4 aut | |
| 245 | 1 | 0 | |a [Rezension von: Corina Caduff, Die Literarisierung von Musik und bildender Kunst um 1800] |c rezensiert von Julia Benthien |
| 264 | 1 | |c 2004 | |
| 300 | |b Illustrationen | ||
| 336 | |a Text |b txt |2 rdacontent | ||
| 337 | |a Computermedien |b c |2 rdamedia | ||
| 338 | |a Online-Ressource |b cr |2 rdacarrier | ||
| 655 | 7 | |a Rezension |0 (DE-588)4049712-4 |0 (DE-627)106186019 |0 (DE-576)209083166 |2 gnd-content | |
| 773 | 0 | 8 | |i Enthalten in |t Kunstform |d München : Ludwig-Maximilians-Universität München, Institut für Kunstgeschichte, 2000 |g 5(2004), 2 |h Online-Ressource |w (DE-627)382929004 |w (DE-600)2140180-9 |w (DE-576)281244731 |x 1618-7199 |7 nnas |
| 773 | 1 | 8 | |g volume:5 |g year:2004 |g number:2 |
| 787 | 0 | 8 | |i Rezension von |a Caduff, Corina, 1965 - |t Die Literarisierung von Musik und bildender Kunst um 1800 |d München : Fink, 2003 |h 386 S. |w (DE-627)360077110 |w (DE-576)103905782 |z 9783770537631 |z 3770537637 |
| 787 | 0 | 8 | |i Rezension von |a Caduff, Corina, 1965 - |t Die Literarisierung von Musik und bildender Kunst um 1800 |d München : Fink, 2003 |h 386 S. |w (DE-627)617828989 |w (DE-576)383347688 |z 3770537637 |
| 856 | 4 | 0 | |u https://www.arthistoricum.net/kunstform/rezension/ausgabe/2004/2/3119 |x Verlag |z kostenfrei |3 Volltext |7 0 |
| 951 | |a AR | ||
| 994 | |u https://www.arthistoricum.net/themen/rezensionen/kunstform/rezension/ausgabe/2004/2/3119 | ||
| 991 | |a Rezension (Monographie, Zeitschrift, Aufsatz) | ||
| 999 | |a KXP-PPN1919826769 |e 4986075187 | ||


